=LDR 00000nam 2200000 4500 =001 INLIS000000000024160 =005 20130612122750 =008 ***********************************Ind** =035 ##$$0010-061300000024160 =041 ##$$a Ind =082 ##$$a 347.05 =090 ##$$a 347.05, Mul t =100 ##$$a Mulyadi, lilik =245 ##$$a Tuntunan provesionil dalam hukum acara perdata pada praktik peradilan, Lilik mulyadi =260 ##$$a 1996 $b Jakarta =300 ##$$a 239 hlm, 21 cm =650 ##$$a Hukum acara perdata =850 ##$$a NBPNMAT